01334 a2200181 45000010006000000050017000060080041000230030015000640400040000790800053001192450053001722640028002253000019002535050821002721000019010937000018011127000022011305382720260407155809.0260407a1956 arg spa dAR-UNSa-BCEJYS aAR-UNSa-BCEJYSbspacAR-UNSa-BCEJYS a336.02xPolítica financiera. Política fiscal10aLos efectos económicos de la política fiscal 1aMadrid :bAguilarc1956 a408 p.c22 cm. a1. Aspectos primarios de la política financiera como instrumento para la política de la coyuntura - 2. Los efectos de las variaciones en el volumen de los "gastos corrientes" durante una coyuntura descendente - 3. Efectos de las variaciones en el volumen de los gastos para "obras públicas" durante una coyuntura descendente - 4. Los efectos sobre el mercado de capitales.El espacio internacional para la política nacional de la coyuntura - 5. Métodos mediante los cuales podemos ampliar el espacio internacional de una política nacional de la coyuntura.Comparación entre distintas medidas de política financiera,teniendo en cuenta la eficiencia de la política de la coyuntura,con la cual se utiliza el espacio internacional - 5. La política financiera y el mercado del trabajo - 6. Resumen final1 aMyrdal, Gunnar1 aBecker, Bengt1 aDe Torres, Manuel